| 000 | 00500nam a2200097Ia 4500 | ||
|---|---|---|---|
| 008 | 180130s9999 xx 000 0 und d | ||
| 245 |
_cValentine, Colby L.; Hay, Carter; Beaver, Kevin M.; Blomberg, Thomas G. _aThrough a computational lens: using dual computer-criminology degree programs to advance the study of criminology and criminal justice practice |
||
| 260 | _c2016 | ||
| 300 | _aBook title: Computer and information security--Acession number C20546; pages 84-90 | ||
| 650 | _aINFORMATION SECURITY | ||
| 999 |
_c354113 _d354113 |
||